000 00400 a2200157 4500
005 20250623112635.0
020 _a0-07-027410-X
082 _aLM 621.319 HAY
100 _aHAYT, W.H.
245 _aEngineering Circuit Analysis
250 _a5th Ed.
260 _aNew York
_bMcGraw-Hill, INC.
_c1993
300 _axx,706p.: ill.; figure.
_bIndex
_c26cm.
700 _aKEMMERLY, J. E.
942 _2ddc
_cBKS
999 _c3197
_d3197